La acción del hombre y el medio geográfico (Registro nro. 3170)

Detalles MARC
000 -LEADER
fixed length control field 01311 a2200205 4500
001 - CONTROL NUMBER
control field 39955
005 - DATE AND TIME OF LATEST TRANSACTION
control field 20260407155656.0
008 - FIXED-LENGTH DATA ELEMENTS--GENERAL INFORMATION
fixed length control field 260407a1970 arg spa d
003 - CONTROL NUMBER IDENTIFIER
control field AR-UNSa-BCEJYS
040 ## - CATALOGING SOURCE
Original cataloging agency AR-UNSa-BCEJYS
Language of cataloging spa
Transcribing agency AR-UNSa-BCEJYS
080 ## - UNIVERSAL DECIMAL CLASSIFICATION NUMBER
Universal Decimal Classification number 911.3
Common auxiliary subdivision Geografía humana. Geografía de los factores culturales
041 ## - LANGUAGE CODE
Language code of text/sound track or separate title spa
100 1# - MAIN ENTRY--PERSONAL NAME
Personal name George, Pierre
245 10 - TITLE STATEMENT
Title La acción del hombre y el medio geográfico
264 #1 - PRODUCTION, PUBLICATION, DISTRIBUTION, MANUFACTURE, AND COPYRIGHT NOTICE
Place of production, publication, distribution, manufacture Barcelona :
Name of producer, publisher, distributor, manufacturer Ediciones Península
Date of production, publication, distribution, manufacture, or copyright notice 1970
300 ## - PHYSICAL DESCRIPTION
Extent 246 p.
Dimensions 20 cm.
505 ## - FORMATTED CONTENTS NOTE
Formatted contents note Parte I: El espacio inorganizado: 1. La geografía natural soportada - 2. Ejemplos regionales - Parte II: La organización del espacio argricola : 1. Del espacio agricola al paisaje rural - 2. Organización social y organización económica del espacio agrícola - Parte III: La organización del espacio industrial : 1. Un cambio de dimensiones y un cambio de valor - 2. Las estructuras y las técnicas. La localización del espacio industrial - 3. Del espacio especializado al espacio globalizado - 4. La región, tema geografíco de la organización del espacio - Parte IV: Grandes problemas y grandes trabajos : 1. Presión de población y desarrollo - 2. Las grandes operaciones de ordenación - Conclusión -
590 ## - LOCAL NOTE (RLIN)
Local note niveau_biblio:m niveau_hierar:0
942 ## - ADDED ENTRY ELEMENTS (KOHA)
Koha item type
Existencias
Withdrawn status Lost status Damaged status Not for loan Home library Current library Shelving location Date acquired Total checkouts Full call number Barcode Date last seen Price effective from Koha item type
        Biblioteca Prof. Eusebio Cleto del Rey Biblioteca Prof. Eusebio Cleto del Rey   07/04/2026   911.3 G346a L23581 07/04/2026 07/04/2026 Libro